000 00775nam a2200265Ia 4500
001 Para_1631
003 CHAP
008 220125s1992 xx 000 0 und d
010 _a200268
040 _cCHAP
082 _aPA 632.6 M4
110 _aMEXICO. Dirección General de Sanidad Vegetal
_977045
245 _aDistribución y descripción de roedores de importancia agrícola en México /
_c por Dirección General de Sanidad Vegetal
260 _aMéxico, D.F. :
_b La dirección
300 _a87 p.
440 _aSanidad vegetal
_9165147
650 _aRoedores
_999027
901 _aPA 632.6 M4
902 _aA
905 _a0000001992 0000000000 00
910 _a1992
942 _cPARA
942 _cPARA
_d1
999 _c200268
_d200268